Location list for the texts in the microfiche edition of the Phug brag Kanjur : (Record no. 426)
[ view plain ]
| 000 -LEADER | |
|---|---|
| fixed length control field | 01195nam a2200325 i 4500 |
| 001 - CONTROL NUMBER | |
| control field | 3495274 |
| 003 - CONTROL NUMBER IDENTIFIER | |
| control field | OSt |
| 005 - DATE AND TIME OF LATEST TRANSACTION | |
| control field | 20240321101843.0 |
| 008 - FIXED-LENGTH DATA ELEMENTS--GENERAL INFORMATION | |
| fixed length control field | 940606s1993 ja b 001 0 eng |
| 010 ## - LIBRARY OF CONGRESS CONTROL NUMBER | |
| LC control number | 94167806 |
| 020 ## - INTERNATIONAL STANDARD BOOK NUMBER | |
| International Standard Book Number | 4906267327 |
| 040 ## - CATALOGING SOURCE | |
| Original cataloging agency | DLC |
| Transcribing agency | DLC |
| 050 00 - LIBRARY OF CONGRESS CALL NUMBER | |
| Classification number | Z7862.4 |
| Item number | .E35 1993 |
| Classification number | BQ1267 |
| 082 00 - DEWEY DECIMAL CLASSIFICATION NUMBER | |
| Classification number | 016.2943/82 |
| Edition number | 20 |
| 100 1# - MAIN ENTRY--PERSONAL NAME | |
| Personal name | Eimer, Helmut. |
| 245 10 - TITLE STATEMENT | |
| Title | Location list for the texts in the microfiche edition of the Phug brag Kanjur : |
| Remainder of title | compiled from the microfiche edition and Jampa Samten's descriptive catalogue / |
| Statement of responsibility, etc. | Helmut Eimer. |
| 264 ## - PRODUCTION, PUBLICATION, DISTRIBUTION, MANUFACTURE, AND COPYRIGHT NOTICE | |
| Place of production, publication, distribution, manufacture | Tokyo : |
| Name of producer, publisher, distributor, manufacturer | International Institute for Buddhist Studies, |
| Date of production, publication, distribution, manufacture, or copyright notice | 1993. |
| 300 ## - PHYSICAL DESCRIPTION | |
| Extent | xii, 126 pages ; |
| Dimensions | 26 cm. |
| 336 ## - CONTENT TYPE | |
| Source | rdacontent |
| Content type term | text |
| Content type code | txt |
| 337 ## - MEDIA TYPE | |
| Source | rdamedia |
| Media type term | unmediated |
| Media type code | n |
| 338 ## - CARRIER TYPE | |
| Source | rdacarrier |
| Carrier type term | volume |
| Carrier type code | nc |
| 440 #0 - SERIES STATEMENT/ADDED ENTRY--TITLE | |
| Title | Bibliographia philologica Buddhica. |
| Name of part/section of a work | Series maior ; |
| Volume/sequential designation | 5 |
| 500 ## - GENERAL NOTE | |
| General note | Includes index. |
| 504 ## - BIBLIOGRAPHY, ETC. NOTE | |
| Bibliography, etc. note | List of the author' works: p. 121-126. |
| 590 ## - LOCAL NOTE (RLIN) | |
| Local note | In English. |
| 630 00 - SUBJECT ADDED ENTRY--UNIFORM TITLE | |
| Uniform title | Kanjur |
| General subdivision | Bibliography |
| -- | Microform catalogs. |
| 906 ## - LOCAL DATA ELEMENT F, LDF (RLIN) | |
| a | 7 |
| b | cbc |
| c | orignew |
| d | 3 |
| e | ncip |
| f | 19 |
| g | y-gencatlg |
| 942 ## - ADDED ENTRY ELEMENTS (KOHA) | |
| Koha item type | Book |
| Suppress in OPAC | No |
| Withdrawn status | Lost status | Source of classification or shelving scheme | Damaged status | Not for loan | Collection | Home library | Current library | Shelving location | Date acquired | Total checkouts | Full call number | Barcode | Date last seen | Price effective from | Koha item type |
|---|---|---|---|---|---|---|---|---|---|---|---|---|---|---|---|
| Vajrayana | Lindholme Hall Library | Lindholme Hall Library | General stacks | 21/03/2024 | 493 EIM | 2400256 | 21/03/2024 | 21/03/2024 | Book |